Discurso pronunciado en la solemne apertura del curso académico de 1877 á 1878 en la Universidad Liiteraria de Valencia / por Nicolás Ferrer y Julve. (Record no. 183776)

MARC details
000 -LEADER
campo de control de longitud fija 00787nam a22001935i 4500
001 - NÚMERO DE CONTROL
campo de control 183776
003 - IDENTIFICADOR DE NÚMERO DE CONTROL
campo de control ES-MaACL
005 - FECHA Y HORA DE LA ÚLTIMA TRANSACCIÓN
campo de control 20230906221951.0
007 - CAMPO FIJO DE DESCRIPCIÓN FÍSICA--INFORMACIÓN GENERAL
campo de control de longitud fija t|
008 - DATOS DE LONGITUD FIJA--INFORMACIÓN GENERAL
campo de control de longitud fija 141014s1877 sp ||||1| spa d
100 1# - ENTRADA PRINCIPAL--NOMBRE DE PERSONA
Nombre de persona Ferrer y Julve, Nicolás.
9 (RLIN) 50510
245 10 - MENCIÓN DEL TÍTULO
Título Discurso pronunciado en la solemne apertura del curso académico de 1877 á 1878 en la Universidad Liiteraria de Valencia / por Nicolás Ferrer y Julve.
260 ## - PUBLICACIÓN, DISTRIBUCIÓN, ETC.
Lugar de publicación, distribución, etc. Valencia :
Nombre del editor, distribuidor, etc. [s.n.],
Fecha de publicación, distribución, etc. 1877 (
Fabricante imprenta de José Rius)
300 ## - DESCRIPCIÓN FÍSICA
Extensión 75 p. ;
Dimensiones 25 cm.
500 ## - NOTA GENERAL
Nota general Tema: Algunas consideraciones sobre el origen y antigüedad del hombre, destinadas a contrariar la doctrina materialista.
650 #4 - PUNTO DE ACCESO ADICIONAL DE MATERIA--TÉRMINO DE MATERIA
Término de materia o nombre geográfico como elemento de entrada Creacionismo.
9 (RLIN) 147591
710 2# - ENTRADA AGREGADA--NOMBRE DE ENTIDAD CORPORATIVA
Nombre de entidad corporativa o nombre de jurisdicción como elemento de entrada Universidad Literaria de Valencia.
9 (RLIN) 7392
852 ## - LOCALIZACIÓN
Ubicación ES-MaACL
Número de control de estantería T-386-F-4
Holdings
Estatus retirado Estado de pérdida Estado de daño No para préstamo Colección Biblioteca de origen Biblioteca actual Ubicación en estantería Fecha de adquisición Fuente de adquisición Total de préstamos Signatura topográfica completa Código de barras Visto por última vez Precio de reemplazo Tipo de ítem Koha
        Colección de folletos Biblioteca del Ateneo de Madrid Biblioteca del Ateneo de Madrid Depósito folletos 14/10/2014     T-386-F-4 1193220 23/02/2023 23/02/2023 Folleto